000 00558nam a22001937a 4500
999 _c9421
_d9421
003 AR-CdUCM
008 190328b ||||| |||| 00| 0 spa d
040 _aMUNICIPALIDAD PROVINCIAL DEL CUSCO
_cBIBLIOTECA MUNICIPAL DEL CUSCO
082 _a828.82 /
_bD73
100 _aDickens, Charles
_9500
245 _aCanción de Navidad /
260 _aSantiago de Chile :
_bZig-zag.
300 _a127 páginas ;
_c18cm
505 _aContenido: Cuento
650 _aLiteratura
_9416
650 _aPeriodo victoriano
_910433
942 _2ddc
_cLIBROS
945 _anom